Countries with the Most Non-Internet Users - Statistics

General Stats
  • This quiz has been taken 20 times
  • The average score is 16 of 20
Answer Stats
# Country % Correct
83.2 m D. R. Congo
95%
110 m Ethiopia
89%
831 m India
89%
34.3 m Kenya
89%
154 m Nigeria
89%
172 m Pakistan
89%
37.3 m Sudan
89%
320 m China
84%
33.1 m Egypt
84%
88.2 m Indonesia
84%
97.9 m Bangladesh
79%
29.0 m Philippines
79%
48.6 m Tanzania
79%
36.5 m Afghanistan
74%
33.6 m Brazil
74%
28.5 m Myanmar
68%
46.7 m Uganda
63%
34.7 m Yemen
58%
26.2 m Madagascar
53%
28.4 m Mozambique
53%
No matching quizzes found
Score Distribution
Percent of People with Each Score
Percentile by Number Answered
Your Score History
You have not taken this quiz